Catálogo

EL APOSTADERO DE MONTEVIDEO (Registro nro. 43791)

Detalles MARC
000 -LEADER
fixed length control field 00494nam a2200169 a 4500
001 - CONTROL NUMBER
control field 43791
005 - DATE AND TIME OF LATEST TRANSACTION
control field 20180714022428.0
008 - FIXED-LENGTH DATA ELEMENTS--GENERAL INFORMATION
fixed length control field 140415s1968 000 0 spa d
041 ## - LANGUAGE CODE
Language code of text/sound track or separate title spa
082 ## - DEWEY DECIMAL CLASSIFICATION NUMBER
Classification number 982.032
Item number MAR
100 1# - MAIN ENTRY--PERSONAL NAME
Personal name MARTINEZ MONTERO, HOMERO
245 13 - TITLE STATEMENT
Title EL APOSTADERO DE MONTEVIDEO
260 ## - PUBLICATION, DISTRIBUTION, ETC.
Place of publication, distribution, etc. [s.l.] :
Name of publisher, distributor, etc. C.S.I.C.,
Date of publication, distribution, etc. 1968
300 ## - PHYSICAL DESCRIPTION
Extent 272
650 14 - SUBJECT ADDED ENTRY--TOPICAL TERM
Topical term or geographic name entry element ARGENTINA
General subdivision HISTORIA
-- 1776
-- 1810
-- VIRREINATO DEL RIO DE LA PLATA
700 1# - ADDED ENTRY--PERSONAL NAME
Personal name GUILLEN, JULIO F.
Relator term pról.
Existencias
Withdrawn status Lost status Source of classification or shelving scheme Damaged status Not for loan Collection code Home library Current library Shelving location Date acquired Source of acquisition Inventory number Total Checkouts Full call number Barcode Date last seen Price effective from Koha item type
    Dewey Decimal Classification     General Biblioteca Karol Wojtyla Biblioteca Karol Wojtyla Sala general 03/12/2013 Compra 151000000000000000038451   982.032 MAR 6584 05/01/2026 03/12/2013 Libro